01013nam a22002775a 450000500170000000800410001701000140005802000260007203500130009803700130011104000080012408200170013210000300014924501030017925000060028226000400028827000750032830000260040350000500042965000240047965000280050370000090053194200310054099900170057195201470058820080522115808.0080520s2008 nyu 000 0 eng  aENG-97822 c800.00a9788178311777 aEN-81355 bDBAD/PUB aDPL a333.30954123 92856aSinha, Ranjan Kumar aDynamics of land-caste relations in India :cby Rajeev Ranjan Kumar Sinhaba case study of Bihar / a. aNew DelhibManak Publicationsc2009 aB-7, Saraswati Complex, Subhash Chwok, Laxmi Nagar,bNew Delhie110092 axiv,250p.b23cm. (Hb) aIncludes bibliographical references and index aSongs, Hindi.94279 aHindustani music.91187 94392 2ddccENmSINh333.30954123 c38755d38755 00102ddc40718NFICaDBADbDBADd2010-08-02eDBAD/PUBg800.00l0o333.30954123 SINpEN-81355r2010-08-02 00:00:00t1v800.00w2010-08-02yEN